Satılmışların ekonomisi (Record no. 6256)

MARC details
000 -BAŞLIK
Sabit Uzunlukta Kontrol Alanı 00802na a2200289 4500
001 - KONTROL NUMARASI
Denetim Alanı 20337
003 - KONTROL NUMARASI IDENTIFIER
Denetim Alanı MIRAKIL
005 - SON İŞLEM TARİHİ VE ZAMANI
Denetim Alanı 20181213155101.0
008 - SABİT-BOY VERİ ELEMANLARI - GENEL BİLGİLER
Sabit Uzunlukta Kontrol Alanı 170118b tu 000 0
020 ## - ULUSLARARASI STANDART KİTAP NUMARASI
Uluslararası Standart Kitap Numarası 975220015X
040 ## - KATALOGLAMA KAYNAK
Orijinal Kataloglama Ajansı Milas
Kataloglama Dili tur
Metne Dönüştürmek Ajansı TR-AnCHP
041 ## - DİL KODU
Metin / Ses Parça Veya Ayrı Başlığın Dil Kodu tur
082 ## - DEWEY ONLU SINIFLANDIRMA NUMARASI
Sınıflandırma Numarası 330.9561
Ürün Numarası S28s 2002
090 ## - SINIFLAMA NUMARASI
Sınıflama Numarası 330.9561 S28s 2002
100 ## - ANA GİRİŞ - KİŞİSEL İSİM
Kişisel Ad Savaş, Vural
245 ## - BAŞLIK TABLOSU
Başlık Satılmışların ekonomisi
Sorumluluk Tablosu, Vb Vural Savaş
250 ## - EDITION TABLOSU
Baskı Beyanı 1.basım
260 ## - YAYIN, DAĞITIM, VB
Yayın, Dağıtım, Vb Yeri Ankara
Yayıncı, Dağıtıcı, Vs Adı Bilgi Yayınevi
Yayın, Dağıtım, Vb Tarihi 2002
Üretici Firma Cantekin matbaacılık
300 ## - FİZİKSEL TANIM
Kapsam 471 s.
Boyutlar 19 sm.
440 ## - SERİSİ TABLOSU / KATMA GİRİŞİ - BAŞLIK
Başlık Bilgi Yayınları/Bilgi Dizisi
Hacim / Ardışık Tanımı 133
490 ## - SERİSİ TABLOSU
Seri Beyanı Vural Savaş
Hacim / Ardışık Tanımı 3
500 ## - GENEL NOT
Genel Not Yapıt yazarından imzalıdır.
504 ## - KAYNAKÇA VB NOT
Kaynakça Vb Notu Dizin var.
650 ## - KONU KATMA GİRİŞ - TOPİKAL DÖNEM
Topikal Süreli Veya Coğrafi Ad Giriş Elemanı Türkiye
Genel Alt Bölümü Siyasal Yaşam
650 ## - KONU KATMA GİRİŞ - TOPİKAL DÖNEM
Topikal Süreli Veya Coğrafi Ad Giriş Elemanı Türkiye
Genel Alt Bölümü Ekonomi
942 ## - EKLENDİ GİRİŞ ELEMANLARI (KOHA)
Sınıflandırma Veya Raf Düzeni Kaynak Dewey Decimal Classification
Koha Öğesi Türü Books
999 ## - SİSTEM KONTROL NUMARALARI (KOHA)
Koha Biblionumber 6256
Koha Biblioitemnumber 6256
Holdings
Kalıcı Konum Mevcut Konum Edinme Tarihi Edinim Kaynak Toplam Check-Out'Lar Tam Çağrı Numarası Barkod Tarih Son Görülme İtibaren Geçerli Fiyatlar Koha Öğesi Türü Sigara Kamu Notu
CHP Kütüphanesi CHP Kütüphanesi 01/18/2017 Bağış   330.9561 S28s 2002 012007 01/18/2017 01/18/2017 Books  
Parti Okulu Kütüphanesi Parti Okulu Kütüphanesi 12/09/2021     330.9561 S28s 2002 P00926 12/09/2021 12/09/2021 Books Emin Değer Bağışıdır.